Capitals of North America - Statistics

General Stats
  • This quiz has been taken 13 times
  • The average score is 15 of 23
Answers on the Map
Answers color-coded by a green-red scale on the quiz's map according to % correct below.
 
Answer Stats
Capital % Correct
Ottawa
100%
Guatemala City
85%
Kingston
85%
Kingstown
85%
Mexico City
85%
Panama City
85%
Havana
77%
San Salvador
77%
Santo Domingo
77%
Belmopan
69%
Managua
69%
Port-Au-Prince
69%
San Jose
69%
Nassau
62%
Port-of-Spain
54%
Tegucigalpa
54%
Basseterre
46%
Bridgetown
46%
Castries
46%
DC
46%
Roseau
46%
St John's
46%
St George's
38%
No matching quizzes found
Score Distribution
Percent of People with Each Score
Percentile by Number Answered
Your Score History
You have not taken this quiz